The end of the "Euro-Mediterranean vision"
| Authors: | ; |
|---|---|
| Format: | Print Article |
| Language: | English |
| Check availability: | HBZ Gateway |
| Interlibrary Loan: | Interlibrary Loan for the Fachinformationsdienste (Specialized Information Services in Germany) |
| Published: |
2009
|
| In: |
International affairs
Year: 2009, Volume: 85, Issue: 5, Pages: 963-975 |
| Further subjects: | B
Mittelmeerunion
B Military relations B Regional policy B Conflict of interests B Assessment B North Africa B System of the states B Islam and politics B Mediterranean Sea policy B Initiative B Abschätzung B Europäische Union B Goal B International policy B International cooperation B International organization B Foreign policy B Politics B Euro-Mediterrane Partnerschaft |
MARC
| LEADER | 00000caa a2200000 c 4500 | ||
|---|---|---|---|
| 001 | 1626140308 | ||
| 003 | DE-627 | ||
| 005 | 20250709123621.0 | ||
| 007 | tu | ||
| 008 | 091102s2009 xx ||||| 00| ||eng c | ||
| 035 | |a (DE-627)1626140308 | ||
| 035 | |a (DE-576)312553528 | ||
| 035 | |a (DE-599)BSZ312553528 | ||
| 035 | |a (DE-615)00366180 | ||
| 040 | |a DE-627 |b ger |c DE-627 |e rakwb | ||
| 041 | |a eng | ||
| 084 | |a RA01.01 |2 fivr | ||
| 084 | |a RG01 |2 fivr | ||
| 084 | |a SB01 |2 fivs | ||
| 084 | |a 0 |2 ssgn | ||
| 100 | 1 | |0 (DE-588)1062999681 |0 (DE-627)807101095 |0 (DE-576)284630330 |4 aut |a Kausch, Kristina | |
| 109 | |a Kausch, Kristina | ||
| 245 | 1 | 4 | |a The end of the "Euro-Mediterranean vision" |c Kristina Kausch and Richard Youngs |
| 264 | 1 | |c 2009 | |
| 336 | |a Text |b txt |2 rdacontent | ||
| 337 | |a ohne Hilfsmittel zu benutzen |b n |2 rdamedia | ||
| 338 | |a Band |b nc |2 rdacarrier | ||
| 610 | 2 | 7 | |0 (DE-588)5098525-5 |0 (DE-627)132918269 |0 (DE-576)194702391 |a Europäische Union |2 gnd |
| 610 | 2 | 7 | |0 (DE-588)7695990-9 |0 (DE-627)623131463 |0 (DE-576)321441249 |a Mittelmeerunion |2 gnd |
| 610 | 2 | 7 | |0 (DE-588)1201780594 |0 (DE-627)1685947956 |a Euro-Mediterrane Partnerschaft |2 gnd |
| 650 | 0 | 7 | |0 (DE-588)4374764-4 |0 (DE-627)184638410 |0 (DE-576)211773980 |a Initiative |2 gnd |
| 650 | 0 | 7 | |0 (DE-588)4003846-4 |0 (DE-627)10438896X |0 (DE-576)208852972 |a Außenpolitik |2 gnd |
| 650 | 0 | 7 | |0 (DE-588)4198281-2 |0 (DE-627)105189952 |0 (DE-576)210120940 |a Mittelmeerpolitik |2 gnd |
| 650 | 0 | 7 | |0 (DE-588)4049043-9 |0 (DE-627)104509325 |0 (DE-576)209080264 |a Regionalpolitik |2 gnd |
| 650 | 0 | 7 | |0 (DE-588)4363945-8 |0 (DE-627)181367351 |0 (DE-576)211503398 |a Staatensystem |2 gnd |
| 650 | 0 | 7 | |0 (DE-588)4039338-0 |0 (DE-627)104321784 |0 (DE-576)209034505 |a Militärische Kooperation |2 gnd |
| 650 | 0 | 7 | |0 (DE-588)4027366-0 |0 (DE-627)106284843 |0 (DE-576)208970649 |a Internationale Organisation |2 gnd |
| 650 | 0 | 7 | |0 (DE-588)4046514-7 |0 (DE-627)104152206 |0 (DE-576)209069945 |a Politik |2 gnd |
| 650 | 0 | 7 | |0 (DE-588)4132339-7 |0 (DE-627)105688487 |0 (DE-576)209634723 |a Beurteilung |2 gnd |
| 650 | 0 | 7 | |0 (DE-588)4304375-6 |0 (DE-627)121640167 |0 (DE-576)211067555 |a Abschätzung |2 gnd |
| 650 | 0 | 7 | |0 (DE-588)4120503-0 |0 (DE-627)104529164 |0 (DE-576)209535644 |a Internationale Kooperation |2 gnd |
| 650 | 0 | 7 | |0 (DE-588)4117713-7 |0 (DE-627)105797111 |0 (DE-576)209512253 |a Ziel |2 gnd |
| 650 | 0 | 7 | |0 (DE-588)4123438-8 |0 (DE-627)104180722 |0 (DE-576)20955973X |a Interessenkonflikt |2 gnd |
| 650 | 0 | 7 | |0 (DE-588)4072885-7 |0 (DE-627)106093932 |0 (DE-576)209188553 |a Internationale Politik |2 gnd |
| 650 | 0 | 7 | |0 (DE-588)1182267297 |0 (DE-627)1662604343 |a Politischer Islam |2 gnd |
| 651 | 7 | |0 (DE-588)4042482-0 |0 (DE-627)106214187 |0 (DE-576)209050667 |a Nordafrika |2 gnd | |
| 700 | 1 | |0 (DE-588)128996021 |0 (DE-627)387595937 |0 (DE-576)184606896 |4 aut |a Youngs, Richard |d 1968- | |
| 773 | 0 | 8 | |i In |t International affairs |d Oxford : Oxford University Press, 1931 |g 85(2009), 5, Seite 963-975 |w (DE-627)129059684 |w (DE-600)215-X |w (DE-576)014390272 |x 0020-5850 |7 nnas |
| 773 | 1 | 8 | |g volume:85 |g year:2009 |g number:5 |g pages:963-975 |
| 936 | f | i | |0 (DE-627)1756131406 |a RA01.01 |b EU/EG sowie Mitgliedsländer |k Europa |k Europäische Organisationen |k EU/EG sowie Mitgliedsländer |2 fivr |
| 936 | f | i | |0 (DE-627)1756133557 |a RG01 |b Nordafrika |k Naher und Mittlerer Osten und Nordafrika |k Nordafrika |2 fivr |
| 936 | f | i | |0 (DE-627)1756135290 |a SB01 |b Internationale Beziehungen/Prozesse |k Internationale(s) Politik/System |k Internationale Beziehungen/Prozesse |2 fivs |
| 938 | 1 | 0 | |0 (DE-627)132918269 |0 (DE-588)5098525-5 |a Europäische Union |2 gnd |2 fivt |
| 938 | 1 | 0 | |0 (DE-627)1756147620 |0 (DE-615)6603533 |a Nordafrika |2 fivt |
| 938 | 1 | 0 | |0 (DE-627)1756150176 |0 (DE-615)6602822 |a Außenpolitische Initiative |2 fivt |
| 938 | 1 | 0 | |0 (DE-627)1685947956 |0 (DE-588)1201780594 |a Euro-Mediterrane Partnerschaft |2 gnd |2 fivt |
| 938 | 1 | 0 | |0 (DE-627)1756200920 |0 (DE-615)6600472 |a Mittelmeerpolitik der EU |2 fivt |
| 938 | 1 | 0 | |0 (DE-627)1756183090 |0 (DE-615)6607971 |a Regionale Außenpolitik von Staatengruppen |2 fivt |
| 938 | 1 | 0 | |0 (DE-627)1756221367 |0 (DE-615)6600722 |a Sicherheitspolitische Zusammenarbeit |2 fivt |
| 938 | 1 | 0 | |0 (DE-627)1756169462 |0 (DE-615)6609288 |a Gemeinsame Politik internationaler Akteure |2 fivt |
| 938 | 1 | 0 | |0 (DE-627)1756239045 |0 (DE-615)6606573 |a Einschätzung/Abschätzung |2 fivt |
| 938 | 1 | 0 | |0 (DE-627)1756140839 |0 (DE-615)6604436 |a Strukturziele internationaler Zusammenarbeit |2 fivt |
| 938 | 1 | 0 | |0 (DE-627)1756232164 |0 (DE-615)6600982 |a Interessendivergenzen in den internationalen Beziehungen |2 fivt |
| 938 | 1 | 0 | |0 (DE-627)1756218285 |0 (DE-615)6600436 |a Politischer Islam |2 fivt |
| 938 | 1 | 1 | |0 (DE-627)1756176469 |0 (DE-615)6608960 |a Diplomatische Beziehungen |2 fiva |
| 938 | 1 | 1 | |0 (DE-627)1756236194 |0 (DE-615)6604575 |a Internationale Konsultation |2 fiva |
| 938 | 1 | 1 | |0 (DE-627)1756148880 |0 (DE-615)6603009 |a Spanien |2 fiva |
| 938 | 1 | 1 | |0 (DE-627)1756148325 |0 (DE-615)6603106 |a Frankreich |2 fiva |
| 938 | 1 | 1 | |0 (DE-627)1756140928 |0 (DE-615)6603944 |a Vereinigtes Königreich |2 fiva |
| 938 | 1 | 1 | |0 (DE-627)1756188653 |0 (DE-615)6609028 |a Europäische Nachbarschaftspolitik (EU) |2 fiva |
| 938 | 1 | 1 | |0 (DE-627)1756241406 |0 (DE-615)6605299 |a Lastenteilung |2 fiva |
| 938 | 1 | 1 | |0 (DE-627)1756144265 |0 (DE-615)6603382 |a Demokratieförderung |2 fiva |
| 938 | 1 | 1 | |0 (DE-627)1756142564 |0 (DE-615)6603920 |a Menschenrechtspolitik |2 fiva |
| 938 | 1 | 1 | |0 (DE-627)1756149666 |0 (DE-615)6602930 |a Marokko |2 fiva |
| 951 | |a AR | ||
| ELC | |b 1 | ||
| ITA | |a 1 |t 1 | ||
| ORI | |a SA-MARC-ixtheo_oa001.raw | ||
| REL | |a 1 | ||
| STA | 0 | 0 | |a Assessment,Estimation,Appraisal,Conflict of interests,Interest,Foreign policy,Goal,Aim,Target,Initiative,International cooperation,International organization,International policy,International relations,Islam and politics,Mediterranean Sea policy,Military relations,North Africa,Africa,Politics,Politics and government,Politics, Practical,Politics in art,Regional policy,System of the states,States |
| STB | 0 | 0 | |a But,Objectif,Objectif,Conflit d'intérêts,Coopération internationale,Initiative,Islam et politique,Organisation internationale,Politique internationale,Politique méditerranéenne,Politique régionale,Politique étrangère,Politique,Politique,Pratiques politiques,Relations militaires,Système d’États,Système international,Système international,Évaluation,Appréciation,Appréciation |
| STC | 0 | 0 | |a Conflicto de intereses,Cooperación internacional,Evaluación,Fin,Objetivo,Objetivo,Iniciativa,Islamismo y política,Organización internacional,Política exterior,Política internacional,Política para el Mediterráneo,Política regional,Política,Política,Sistema de Estados |
| STD | 0 | 0 | |a Conflitto di interessi,Cooperazione internazionale,Giudizio,Valutazione,Valutazione,Iniziativa,Obiettivo,Fine (scopo),Fine,Organizzazione internazionale,Politica estera,Politica internazionale,Politica per il Mediterraneo,Politica regionale,Politica,Politica,Sistema di stati |
| STE | 0 | 0 | |a 利益冲突,利害冲突,国家制度,国家体系,国际合作,国际政策,国际组织,国际机构,外交政策,对外政策,政治,政治,目标 |
| STF | 0 | 0 | |a 伊斯兰教与政治,利益衝突,利害衝突,國家制度,國家體系,國際合作,國際政策,國際組織,國際機構,外交政策,對外政策,政治,政治,目標 |
| STG | 0 | 0 | |a Avaliação,Conflito de interesses,Cooperação internacional,Fim,Objetivo,Objetivo,Iniciativa,Organização internacional,Política externa,Política internacional,Política para o Mediterrâneo,Política regional,Política,Política,Sistema de Estados |
| STH | 0 | 0 | |a Внешняя политика,Инициатива,Конфликт интересов,Международная организация,Международная политика,Международное сотрудничество,Осуждение,Оценка,Политика (мотив),Политика,Политика Средиземноморья,Политический ислам,Региональная политика,Система государств,Цель |
| STI | 0 | 0 | |a Διεθνής οργανισμός,Διεθνής πολιτική,Διεθνής συνεργασία,Εκτίμηση,Αξιολόγηση,Εξωτερική πολιτική,Μεσογειακή πολιτική,Οµάδα κρατών,Σύστημα κρατών,Περιφερειακή πολιτική,Πολιτική (μοτίβο),Πολιτική,Πρωτοβουλία,Στόχος,Σκοπός,Σύγκρουση συμφερόντων |
| SUB | |a REL | ||
| SYB | 0 | 0 | |a EU,European Union,Unión Europea,Union européenne,Europaeiske Union,Union Europea,Eurōpai͏̈ke Enōsē,Unione Europea,Europese Unie,União Europeia,Aontas Eorpach,Europska Unija,Unia Europejska,Europos Sa̜junga,ES,Eiropas Savienība,Unió Europea,Evropská Unie,Avrupa Birliği,Evropejskoe Soobščestvo,Európai Unió,Uniunea Europeană,EU,EM , Union für das Mittelmeer,Union für den Mittelmeerraum,Union pour la Méditerranée,Unione per il Mediterraneo,Union for the Mediterranean,Mediterranean Union,Unión por el Mediterráneo,Unión para el Mediterráneo,UpM,UfM , EUROMED,EMP,EU-Mittelmeerpartnerschaft,Euro-Mediterranean Partnership,Partenariat Euromed,Partenariat euro-méditerranéen,Barcelona Process,Processus de Barcelone,Barcelona-Prozess |
| SYE | 0 | 0 | |a Entschlusskraft,Unternehmungsgeist , Aussenpolitik,Auswärtige Angelegenheiten,Auswärtige Politik,Außenbeziehungen , Regionale Strukturpolitik,Regionale Wirtschaftspolitik , Staatengruppe , Militär,Militärische Zusammenarbeit,Verteidigung,Militärbeziehungen,Militärische Beziehungen , Internationale Organisationen , Politics,Public policy,Staatspolitik,Politische Lage,Politische Entwicklung,Staatspolitik,Politische Lage,Politische Entwicklung,Politische Situation , Bewertung,Einschätzung , Internationale Beziehungen,Internationale Zusammenarbeit , Zielsetzung,Ziele , Interessenkonflikte,Interessenskonflikt , Internationale Beziehungen,Politische Beziehungen,Zwischenstaatliche Beziehungen |
| SYF | 0 | 0 | |a Maghreb,Afrika(Nord-),Afrika,Nord,Kleinafrika |



